| 000 | 00351nam a2200121Ia 4500 | ||
|---|---|---|---|
| 008 | 241015s9999 xx 000 0 und d | ||
| 041 | _aeng | ||
| 082 | _a338.5027658 TRU | ||
| 100 | _aTruett, Rani | ||
| 245 | _aManagerial Economics: Analysis, Problems, Cases, An Indian Adaptation | ||
| 260 |
_bWiley India _aNew Delhi _c2022 |
||
| 300 | _a620;. P. 27 cm | ||
| 999 |
_c41821 _d41821 |
||